[Event "Reykjavik Open 2017"]
[Site "Reykjavik ISL"]
[Date "2017.04.19"]
[Round "1.94"]
[White "Louis,T"]
[Black "Nielsen,Allan"]
[Result "1-0"]
[WhiteElo "2202"]
[BlackElo "1606"]

1.e4 e5 2.Nf3 Nc6 3.Bb5 Nf6 4.O-O Bc5 5.Nxe5 Bxf2+ 6.Rxf2 Nxe5 7.d4 Ng6 8.Nc3
c6 9.e5 Nd5 10.Bc4 Nge7 11.Bg5 Nxc3 12.Bxf7+ Kf8 13.Qf3 {#r} 1-0

[Event "Reykjavik Open 2017"]
[Site "Reykjavik ISL"]
[Date "2017.04.19"]
[Round "1.96"]
[White "Walton,A"]
[Black "Gasanova,U"]
[Result "1-0"]
[WhiteElo "2199"]
[BlackElo "1591"]

1.d4 Nf6 2.c4 e6 3.Nc3 d5 4.cxd5 Nxd5 5.Nf3 Bb4 6.Qc2 Nc6 7.e4 Nb6 8.Be3 O-O
9.Bd3 Bxc3+ 10.bxc3 h6 11.Qd2 f5 12.a4 fxe4 13.Bxe4 Nc4 14.Qd3 Nxe3 15.fxe3
Qd6 16.O-O Bd7 17.Rab1 Rab8 18.c4 e5 19.c5 Qe7 20.d5 Nd8 21.Bh7+ Kh8 22.Nxe5
Rxf1+ 23.Rxf1 Be8 24.Bg6 Kg8 25.Bxe8 Qxe8 26.Qf5 a6 27.Nd7 Ra8 28.Qf8+ Qxf8
29.Rxf8+ Kh7 30.e4 b5 31.cxb6 cxb6 32.Nxb6 Rb8 33.a5 g6 34.e5 Kg7 35.Rf1 Nb7
36.e6 Nxa5 37.d6 Nc6 38.Rf7+ Kg8 39.Rc7 Ne5 40.d7 Nxd7 41.exd7 Rf8 {#r} 1-0

[Event "Reykjavik Open 2017"]
[Site "Reykjavik ISL"]
[Date "2017.04.19"]
[Round "1.97"]
[White "Theuer,Lorenz"]
[Black "Mesman,Edwyn"]
[Result "0-1"]
[WhiteElo "1583"]
[BlackElo "2199"]

1.e4 c5 2.Nf3 d6 3.d4 cxd4 4.Nxd4 Nf6 5.Nc3 a6 6.Be3 e5 7.Nb3 Be6 8.f3 Be7
9.Qd2 O-O 10.O-O-O a5 11.Bb5 Na6 12.g4 Nc7 13.Bb6 Qb8 14.Bxc7 Qxc7 15.h4 Rfd8
16.Nd5 Bxd5 17.exd5 a4 18.Na1 a3 19.c4 Rdc8 20.b3 Bd8 21.Qb4 Qe7 22.Qd2 Ne8
23.Nc2 Bb6 24.Bxe8 Rxe8 25.Ne3 e4 26.Qc3 Qe5 27.Qxe5 Bxe3+ 28.Kc2 Rxe5 {#R}
0-1

[Event "Reykjavik Open 2017"]
[Site "Reykjavik ISL"]
[Date "2017.04.19"]
[Round "1.100"]
[White "Dougherty,M"]
[Black "Arnarson,Smari"]
[Result "1-0"]
[WhiteElo "2171"]
[BlackElo "1550"]

1.d4 Nf6 2.c4 g6 3.Nc3 d5 4.cxd5 Nxd5 5.e4 Nxc3 6.bxc3 Bg7 7.Bc4 c5 8.Ne2 O-O
9.O-O Nc6 10.Be3 Qc7 11.Rc1 Rd8 12.h3 a6 13.f4 b5 14.Bd3 Na5 15.Qe1 Nc4
16.Bxc4 bxc4 17.Qh4 Bf6 18.Qf2 e6 19.dxc5 Rb8 20.Nd4 Bb7 21.f5 exf5 22.exf5
Bg7 23.fxg6 hxg6 24.Bf4 Qd7 25.Bxb8 Rxb8 26.Rcd1 Rd8 27.c6 Bxd4 28.Rxd4 {#r}
1-0

[Event "Reykjavik Open 2017"]
[Site "Reykjavik ISL"]
[Date "2017.04.19"]
[Round "1.101"]
[White "Eminov,Sinan"]
[Black "Laustsen,L"]
[Result "0-1"]
[WhiteElo "1537"]
[BlackElo "2169"]

1.d4 d5 2.c4 c6 3.e3 Bf5 4.Nc3 e6 5.Nf3 Nf6 6.h3 Bd6 7.Be2 h6 8.O-O Nbd7
9.cxd5 exd5 10.Re1 O-O 11.Bd3 Ne4 12.Qc2 Re8 13.Rb1 Qe7 14.Bxe4 dxe4 15.Nd2
Qh4 16.Nc4 Bc7 17.Kf1 Re6 18.Ke2 Rd8 19.Rh1 Nf6 20.Kf1 Qg5 21.g3 Qh5 22.Qe2
Bg4 23.Qe1 Bxh3+ 24.Kg1 Qf5 25.Bd2 b5 26.Ne5 Bxe5 {#R} 0-1

[Event "Reykjavik Open 2017"]
[Site "Reykjavik ISL"]
[Date "2017.04.19"]
[Round "1.103"]
[White "Jonasson,Hordur"]
[Black "Barthel,A"]
[Result "0-1"]
[WhiteElo "1513"]
[BlackElo "2166"]

1.e4 Nf6 2.e5 Nd5 3.d4 d6 4.c4 Nb6 5.exd6 cxd6 6.Nf3 g6 7.Be2 Bg7 8.Nc3 O-O
9.h3 Nc6 10.Be3 d5 11.c5 Nc4 12.Bxc4 dxc4 13.b3 cxb3 14.axb3 b6 15.Qd2 Be6
16.Rb1 Bf5 17.Rb2 bxc5 18.dxc5 Qa5 19.b4 Qa1+ {#R} 0-1

[Event "Reykjavik Open 2017"]
[Site "Reykjavik ISL"]
[Date "2017.04.19"]
[Round "1.104"]
[White "Kristinsson,J"]
[Black "Smith,Chris P"]
[Result "1-0"]
[WhiteElo "2166"]
[BlackElo "1504"]

1.d4 Nf6 2.c4 e6 3.Nc3 Bb4 4.Nf3 O-O 5.Bg5 Bxc3+ 6.bxc3 d5 7.e3 Nbd7 8.Bd3 c6
9.O-O dxc4 10.Bxc4 b5 11.Bd3 a6 12.Qc2 h6 13.Bh4 Qc7 14.c4 Bb7 15.cxb5 Rfc8
16.bxc6 Bxc6 17.Rfc1 Nd5 18.Qd2 Qd6 19.Bg3 Qe7 20.Rab1 N5f6 21.Qa5 Bxf3
22.gxf3 Rxc1+ 23.Rxc1 Nd5 24.a3 Qg5 25.h4 Qh5 26.Be4 N7f6 27.Qxa6 {#r} 1-0

[Event "Reykjavik Open 2017"]
[Site "Reykjavik ISL"]
[Date "2017.04.19"]
[Round "1.106"]
[White "Motycakova,M"]
[Black "Magnusson,Thorsteinn"]
[Result "1-0"]
[WhiteElo "2162"]
[BlackElo "1489"]

1.e4 e6 2.d4 d5 3.Nd2 Be7 4.Bd3 c5 5.dxc5 Bxc5 6.Ngf3 b6 7.exd5 exd5 8.O-O Ba6
9.Bxa6 Nxa6 10.Qe2+ Ne7 11.Qxa6 h5 12.Nb3 Bd6 13.Qa4+ Kf8 14.Re1 h4 15.Qg4 h3
16.g3 b5 17.Nbd4 Qb8 18.Ng5 {#r} 1-0

[Event "Reykjavik Open 2017"]
[Site "Reykjavik ISL"]
[Date "2017.04.19"]
[Round "1.111"]
[White "Thorsteinsdottir,Svava"]
[Black "Birkisson,Bardur Orn"]
[Result "0-1"]
[WhiteElo "1358"]
[BlackElo "2146"]

1.d4 b6 2.c4 Bb7 3.Nc3 e6 4.Bf4 Bb4 5.e3 Nf6 6.f3 O-O 7.Bg5 d5 8.cxd5 exd5
9.Bd3 Re8 10.Ne2 h6 11.Bxf6 Qxf6 12.Qd2 c5 13.O-O Qe6 14.Kf2 Nc6 15.a3 cxd4
16.exd4 Bd6 17.Kg1 Na5 18.Rad1 Qf6 19.Bc2 Nc4 20.Qd3 g6 21.Rb1 Ne3 22.Rf2 Nxc2
23.Qxc2 Rac8 24.Qd2 h5 25.Nb5 Bb8 26.Ng3 a6 27.Nc3 Bf4 28.Qd1 Be3 29.Kf1 Bxf2
30.Kxf2 Rc4 31.Nge2 a5 32.b3 Rcc8 33.Qd3 Qd6 34.b4 axb4 35.Rxb4 Rc4 36.Rxc4
dxc4 37.Qxc4 Qxh2 38.Qb5 Qh4+ 39.Ng3 Qxd4+ 40.Kf1 Re5 {#R} 0-1

[Event "Reykjavik Open 2017"]
[Site "Reykjavik ISL"]
[Date "2017.04.19"]
[Round "1.112"]
[White "Yakimenko,Alex"]
[Black "Fjallheim,Benjamin Reinert"]
[Result "1-0"]
[WhiteElo "2145"]
[BlackElo "1322"]

1.e4 e5 2.Nf3 Nc6 3.Bb5 a6 4.Ba4 Nf6 5.Qe2 Bc5 6.c3 b5 7.Bb3 d6 8.d3 Be6
9.Nbd2 b4 10.O-O O-O 11.Rd1 Bg4 12.h3 Bh5 13.Nf1 bxc3 14.bxc3 Na7 15.Ng3 Nb5
16.Bd2 c6 17.Nxh5 Nxh5 18.Nxe5 dxe5 19.Qxh5 Qxd3 20.Qxe5 Bd6 21.Qf5 Nxc3
22.Bf4 Ne2+ 23.Kh1 Qc3 24.Bxd6 Nd4 25.Qe5 Nb5 26.Qxc3 Nxc3 27.Bxf8 Nxd1 28.Bc5
Nc3 29.f3 Ne2 30.Rd1 Nf4 31.Rd7 Ne6 32.Bxe6 fxe6 {#r} 1-0

[Event "Reykjavik Open 2017"]
[Site "Reykjavik ISL"]
[Date "2017.04.19"]
[Round "1.114"]
[White "Sigeman,J"]
[Black "Arnason,Saemundur"]
[Result "1-0"]
[WhiteElo "2138"]
[BlackElo "1232"]

1.c4 Nf6 2.Nc3 e6 3.e4 Nc6 4.d4 Bb4 5.f3 d5 6.e5 Nd7 7.cxd5 exd5 8.f4 Nb6
9.Nf3 h6 10.Be2 a6 11.a3 Be7 12.O-O O-O 13.h3 Re8 14.Bd3 f6 15.Bc2 f5 16.Qd3
Be6 17.Ne2 Rf8 18.b3 g6 19.Be3 Kg7 20.Kh2 Rc8 21.g4 Qe8 22.Rg1 Kh7 23.Rg2 Qf7
24.b4 Rg8 25.Rag1 Rg7 26.Bf2 Re8 27.Nh4 Bxh4 28.Bxh4 Ne7 29.Bf6 Rgg8 30.Qf3
Nd7 31.Bxe7 Rxe7 32.Ng3 Nf8 33.gxf5 gxf5 34.Nxf5 Rxg2+ 35.Qxg2 Bxf5 36.Bxf5+
Kh8 37.Qg4 Qg7 38.Qh5 Qf7 39.Qxh6+ Nh7 40.Bxh7 Re8 41.Bg8+ {#r} 1-0

[Event "Reykjavik Open 2017"]
[Site "Reykjavik ISL"]
[Date "2017.04.19"]
[Round "1.116"]
[White "Wecker,Martin"]
[Black "Petursson,Armann"]
[Result "0-1"]
[WhiteElo "2134"]
[BlackElo "1227"]

1.Nf3 d5 2.c4 c6 3.e3 Nf6 4.Nc3 Bg4 5.Qb3 b6 6.Ne5 d4 7.Ne2 dxe3 8.dxe3 e6
9.h3 Bh5 10.Nf4 Bb4+ 11.Qxb4 Qd1# 0-1

[Event "Reykjavik Open 2017"]
[Site "Reykjavik ISL"]
[Date "2017.04.19"]
[Round "1.117"]
[White "Tummasarson,Flovin M."]
[Black "Fridjonsson,J"]
[Result "0-1"]
[WhiteElo "1224"]
[BlackElo "2126"]

1.e4 c5 2.Nf3 Nc6 3.Nc3 g6 4.Bc4 Bg7 5.d3 Nf6 6.Be3 d6 7.h3 O-O 8.Qd2 Re8 9.e5
dxe5 10.Bxc5 b6 11.Bb5 Bb7 12.Bxc6 Bxc6 13.Be3 Qc7 14.O-O-O Red8 15.Qe2 b5
16.Bc5 Bxf3 {#R} 0-1

[Event "Reykjavik Open 2017"]
[Site "Reykjavik ISL"]
[Date "2017.04.19"]
[Round "1.118"]
[White "Doknjas,Joshua"]
[Black "Hjaltason,Magnus"]
[Result "1-0"]
[WhiteElo "2123"]
[BlackElo "1205"]

1.e4 c6 2.Nc3 d5 3.Nf3 Bg4 4.h3 Bxf3 5.Qxf3 e6 6.d3 Nd7 7.Be2 Bb4 8.O-O d4
9.Nb1 e5 10.Qg3 Be7 11.Qxg7 Bf6 12.Qg3 Ne7 13.f4 Rg8 14.Qf2 Qc7 15.fxe5 Qxe5
16.Bg4 O-O-O 17.Bxd7+ Kxd7 18.Qxf6 Qg3 19.Qf3 Qg6 20.Bf4 Rg7 21.Nd2 Rdg8 22.g3
f5 23.Nc4 Qe6 24.Kh2 Ng6 25.exf5 Qxf5 26.Qg4 Qxg4 27.hxg4 Nxf4 28.Rxf4 Rxg4
29.Rxg4 Rxg4 30.Ne5+ {#r} 1-0

[Event "Reykjavik Open 2017"]
[Site "Reykjavik ISL"]
[Date "2017.04.19"]
[Round "1.119"]
[White "Haile,Batel Goitom"]
[Black "Johansson,Ju"]
[Result "0-1"]
[WhiteElo "1197"]
[BlackElo "2122"]

1.e4 c5 2.Nf3 d6 3.d4 cxd4 4.Nxd4 Nf6 5.Nc3 a6 6.Be3 e5 7.Nf3 h6 8.Bc4 Be7
9.Qd2 Be6 10.Nd5 Nbd7 11.Qd3 O-O 12.O-O Kh8 13.h3 Rc8 14.Bb3 Bxd5 15.Bxd5 Nxd5
16.exd5 f5 17.Qb3 f4 18.Ba7 Nc5 19.Qb4 Qd7 20.Rfe1 Rf6 21.Qa3 e4 22.Nh2 f3
23.gxf3 Qxh3 24.fxe4 Rg6+ 25.Kh1 Qg2# 0-1

[Event "Reykjavik Open 2017"]
[Site "Reykjavik ISL"]
[Date "2017.04.19"]
[Round "1.120"]
[White "Ingvason,J"]
[Black "Kristofersson,Sindri Snaer"]
[Result "1-0"]
[WhiteElo "2121"]
[BlackElo "1197"]

1.e4 c5 2.Nf3 e6 3.d4 cxd4 4.Nxd4 Nc6 5.Be3 Qc7 6.Be2 Nf6 7.Nc3 Bb4 8.O-O Bxc3
9.Nb5 Qb8 10.bxc3 O-O 11.Bc5 Ne8 12.f4 b6 13.Bxf8 Kxf8 14.Bd3 Bb7 15.Qh5 Nf6
16.Qh4 h6 17.e5 Nd5 18.g4 a6 19.Nd6 Qc7 20.g5 hxg5 21.Qh5 {#r} 1-0

[Event "Reykjavik Open 2017"]
[Site "Reykjavik ISL"]
[Date "2017.04.19"]
[Round "1.123"]
[White "Kristbergsson,Bjorgvin"]
[Black "Halldorsson,Br"]
[Result "0-1"]
[WhiteElo "1060"]
[BlackElo "2110"]

1.d4 Nf6 2.Nc3 g6 3.h3 Bg7 4.e3 d6 5.Nf3 c6 6.Bd3 Nbd7 7.b4 O-O 8.Bb2 Qc7 9.a3
e5 10.b5 Re8 11.O-O e4 12.Nxe4 Nxe4 13.Nh2 d5 14.c4 dxc4 15.Bxc4 Nb6 16.Ba2
cxb5 17.Nf3 Nc4 18.Bxc4 bxc4 19.Rc1 b5 20.a4 a6 21.axb5 axb5 22.Ne5 Bb7 23.Qg4
Ra2 24.Bc3 Nxc3 25.Rxc3 Bxe5 26.dxe5 Qxe5 27.Rfc1 Bd5 28.f4 Qe4 29.Qf3 Rxg2+
{#R} 0-1

[Event "Reykjavik Open 2017"]
[Site "Reykjavik ISL"]
[Date "2017.04.19"]
[Round "1.125"]
[White "Steinthorsson,Birgir Logi"]
[Black "Larson,G"]
[Result "0-1"]
[WhiteElo "1040"]
[BlackElo "2104"]

1.e4 c5 2.c4 Nc6 3.Nf3 Qc7 4.d3 g6 5.Be3 Bg7 6.Nc3 d6 7.Qc2 Bg4 8.O-O-O a6
9.Kb1 e6 10.h3 Bxf3 11.gxf3 Nge7 12.f4 O-O 13.Ne2 b5 14.Bg2 Rab8 15.d4 Qa5
16.dxc5 Nb4 17.Qb3 dxc5 18.Bd2 Qc7 19.Bxb4 bxc4 20.Qxc4 Rxb4 21.Qxa6 Rxb2+
22.Kc1 Nc6 23.e5 Rc2+ 24.Kb1 Rb8+ 25.Ka1 Nb4 26.Qa4 Rxe2 27.Rhf1 Bxe5+ 28.Kb1
Nxa2+ 29.Qb3 Rxb3# 0-1

[Event "18th ch-EUR Indiv w 2017"]
[Site "Riga LAT"]
[Date "2017.04.19"]
[Round "8.1"]
[White "Dzagnidze,N"]
[Black "Danielian,E"]
[Result "1-0"]
[WhiteElo "2528"]
[BlackElo "2437"]

1.Nf3 Nf6 2.c4 e6 3.b3 d5 4.Bb2 c5 5.cxd5 exd5 6.g3 Nc6 7.Bg2 d4 8.O-O Be7
9.e3 O-O 10.Na3 Bf5 11.Nc4 Re8 12.exd4 cxd4 13.Re1 d3 14.Nfe5 Nxe5 15.Nxe5 Rc8
16.Qf3 Be6 17.Qxb7 Bc5 18.Rac1 Qd6 19.Qb5 Bb4 20.Rxc8 Rxc8 21.Nc6 Ba3 22.Bxa3
Qxa3 23.Qxd3 Kf8 24.Qd4 a5 25.b4 Re8 26.bxa5 Qxa2 27.Ra1 Qc2 28.a6 Bd7 29.a7
Bxc6 30.Qd6+ Kg8 31.Qxc6 {#r} 1-0

[Event "18th ch-EUR Indiv w 2017"]
[Site "Riga LAT"]
[Date "2017.04.19"]
[Round "8.2"]
[White "Pustovoitova,D"]
[Black "Goryachkina,A"]
[Result "0-1"]
[WhiteElo "2411"]
[BlackElo "2452"]

1.e4 e6 2.d4 d5 3.Nc3 Nf6 4.e5 Nfd7 5.Nce2 c5 6.c3 Nc6 7.Nf3 b5 8.Nf4 Qb6 9.a3
a5 10.Be3 Ba6 11.Bd3 cxd4 12.cxd4 b4 13.a4 Be7 14.h4 b3 15.O-O Bxd3 16.Nxd3
O-O 17.Rc1 Rfc8 18.Rc3 Rab8 19.g3 Na7 20.Bd2 Rxc3 21.Bxc3 Nc6 22.Qd2 Qa6
23.Ra1 Nb6 24.Qd1 Qc4 25.Qd2 Ra8 26.Qe3 Nxa4 27.Nd2 Qb5 28.Nc1 Nxc3 29.Qxc3
Bb4 30.Qe3 Bxd2 31.Qxd2 Qc4 32.Ne2 Qc2 33.Qxc2 bxc2 34.Ra3 Nxd4 35.Nc1 f6
36.exf6 gxf6 37.Kf1 Rb8 38.b3 a4 {#R} 0-1

[Event "18th ch-EUR Indiv w 2017"]
[Site "Riga LAT"]
[Date "2017.04.19"]
[Round "8.4"]
[White "Muzychuk,M"]
[Black "Zawadzka,J"]
[Result "1-0"]
[WhiteElo "2546"]
[BlackElo "2449"]

1.e4 e5 2.Nf3 Nf6 3.Nxe5 d6 4.Nf3 Nxe4 5.d4 d5 6.Bd3 Nc6 7.O-O Be7 8.Nc3 Nxc3
9.bxc3 Bg4 10.Rb1 Rb8 11.Re1 O-O 12.h3 Bh5 13.Qe2 Bg6 14.Bxg6 hxg6 15.Bf4 Bd6
16.Qe3 Qd7 17.Bxd6 Qxd6 18.Qg5 b6 19.Re3 Rbe8 20.Rbe1 Rxe3 21.Rxe3 Nd8 22.h4
Ne6 23.Qg4 c5 24.Ng5 Nf4 25.g3 Nh5 26.Qe2 a5 27.Re7 cxd4 28.cxd4 Nf6 29.Qe5
Qb4 30.Qc7 Ne4 31.Nxe4 dxe4 32.d5 Qe1+ 33.Kg2 Qd1 34.d6 g5 35.d7 Qf3+ 36.Kg1
Qd1+ 37.Kh2 gxh4 38.Rxf7 hxg3+ 39.Kg2 gxf2 40.Rxf8+ Kh7 41.Qh2+ {#r} 1-0

[Event "18th ch-EUR Indiv w 2017"]
[Site "Riga LAT"]
[Date "2017.04.19"]
[Round "8.7"]
[White "Vega Gutierrez,S"]
[Black "Socko,M"]
[Result "0-1"]
[WhiteElo "2413"]
[BlackElo "2462"]

1.e4 c5 2.Nf3 Nc6 3.d4 cxd4 4.Nxd4 g6 5.c4 Bg7 6.Be3 Nf6 7.Nc3 d6 8.Be2 O-O
9.O-O Bd7 10.h3 a6 11.Nf3 Rc8 12.Rc1 Qa5 13.a3 Be6 14.Ng5 Bd7 15.f4 Qd8 16.Qe1
e5 17.fxe5 Nxe5 18.c5 dxc5 19.Rd1 Qe7 20.Qh4 h6 21.Nh7 Kxh7 22.Bg5 Be6 23.Rxf6
c4 24.Rdf1 Qc5+ 25.R6f2 Nf3+ 26.Bxf3 Qxg5 27.Qxg5 hxg5 28.Rd2 Rfd8 29.Rfd1
Rxd2 30.Rxd2 Rc5 31.Nd1 b5 32.Nc3 a5 33.Nd5 b4 34.axb4 axb4 35.Kf1 c3 36.bxc3
bxc3 37.Rc2 f5 38.Ne3 Bd4 39.Ke2 fxe4 40.Bg4 Bb3 41.Rc1 c2 42.Kd2 Bc3+ 43.Ke2
Bb2 44.Kd2 Bxc1+ {#R} 0-1

[Event "18th ch-EUR Indiv w 2017"]
[Site "Riga LAT"]
[Date "2017.04.19"]
[Round "8.8"]
[White "Hoang Thanh Trang"]
[Black "Atalik,E"]
[Result "1-0"]
[WhiteElo "2459"]
[BlackElo "2429"]

1.d4 Nf6 2.Nf3 e6 3.e3 Be7 4.Bd3 d5 5.O-O O-O 6.Nbd2 c5 7.b3 Nc6 8.Bb2 b6 9.a3
Bb7 10.Rc1 cxd4 11.exd4 Bd6 12.Ne5 Ne7 13.Qe2 Ng6 14.f4 a5 15.Kh1 Ne8 16.f5
exf5 17.Rxf5 Bxe5 18.dxe5 Nc7 19.Qe3 Ne6 20.Bd4 Nxd4 21.Qxd4 Qc7 22.b4 axb4
23.axb4 Rfe8 24.Nf3 Re7 25.Rf1 h6 26.Rh5 Rae8 27.Re1 Bc8 28.g4 Nf8 29.g5 hxg5
30.Nxg5 Rxe5 31.Rxe5 Rxe5 32.Qh4 g6 33.Rh8+ Kg7 34.Qh6+ Kf6 35.Rxf8 Rxg5
36.Qh8+ Ke7 37.Rxf7+ {#r} 1-0

[Event "18th ch-EUR Indiv w 2017"]
[Site "Riga LAT"]
[Date "2017.04.19"]
[Round "8.17"]
[White "Bulmaga,I"]
[Black "Arakhamia-Grant,K"]
[Result "1-0"]
[WhiteElo "2394"]
[BlackElo "2374"]

1.d4 Nf6 2.Nf3 g6 3.g3 Bg7 4.Bg2 c5 5.d5 d6 6.c4 b5 7.cxb5 Qa5+ 8.Nfd2 Qxb5
9.Nc3 Qa6 10.O-O O-O 11.Re1 Nbd7 12.Qc2 Rb8 13.b3 e6 14.Bb2 Nb6 15.dxe6 fxe6
16.Nce4 Nbd5 17.Nxf6+ Bxf6 18.Bxf6 Rxf6 19.Ne4 Rf8 20.Red1 Bb7 21.Ng5 Rbe8
22.Qc4 Rf5 23.Qh4 Nf6 24.Bxb7 Qxb7 25.Rxd6 Rxg5 26.Qxg5 Ne4 27.Qe5 Nxd6
28.Qxd6 Qe4 29.Qxc5 Qxe2 30.Qxa7 e5 31.Qe3 Qc2 32.Qc1 Qf5 33.a4 e4 34.Qc4+ Kg7
35.Qd4+ Kh6 36.Re1 g5 37.b4 Kg6 38.b5 h5 39.Rc1 h4 40.Rc6+ Re6 41.Qd7 Rxc6
42.Qxf5+ Kxf5 43.bxc6 {#r} 1-0

[Event "18th ch-EUR Indiv w 2017"]
[Site "Riga LAT"]
[Date "2017.04.19"]
[Round "8.18"]
[White "Bodnaruk,A"]
[Black "Warakomska,A"]
[Result "1-0"]
[WhiteElo "2446"]
[BlackElo "2343"]

1.e4 e5 2.Nf3 Nc6 3.Bb5 a6 4.Ba4 Nf6 5.O-O Be7 6.Re1 b5 7.Bb3 d6 8.c3 O-O 9.h3
Bb7 10.d4 Re8 11.Nbd2 exd4 12.cxd4 Nd7 13.Nf1 Na5 14.Bc2 Bf6 15.Rb1 c5 16.d5
Nc4 17.Ng3 g6 18.b3 Nce5 19.Nh2 Bh4 20.Nhf1 Nf8 21.f4 Ned7 22.Bb2 Bf6 23.Bxf6
Qxf6 24.Qd2 h5 25.Nh2 a5 26.Nf3 h4 27.Nf1 b4 28.N1h2 Nb6 29.Ng4 Qh8 30.f5 Nbd7
31.Rf1 Ba6 32.Rf2 Nf6 33.fxg6 fxg6 34.Nfe5 Nxg4 35.Nxg4 Re7 36.e5 dxe5 37.d6
Rb7 38.Qd5+ Kh7 39.Nf6+ Kh6 40.Qxe5 Qg7 41.Rf4 {#r} 1-0

[Event "18th ch-EUR Indiv w 2017"]
[Site "Riga LAT"]
[Date "2017.04.19"]
[Round "8.23"]
[White "Houska,Jo"]
[Black "Ambartsumova,K"]
[Result "0-1"]
[WhiteElo "2397"]
[BlackElo "2282"]

1.d4 Nf6 2.Nf3 g6 3.c4 Bg7 4.g3 O-O 5.Bg2 d6 6.O-O Nc6 7.Nc3 Bf5 8.Be3 e5 9.d5
Ne7 10.Qc1 Qd7 11.Ne1 c6 12.Bg5 cxd5 13.Bxf6 Bxf6 14.Nxd5 Nxd5 15.Bxd5 Rac8
16.Qd2 b5 17.cxb5 Qxb5 18.e4 Bd7 19.Nd3 Be6 20.a4 Qb6 21.Bxe6 fxe6 22.b4 Qd4
23.Rfe1 Rc3 24.Rad1 Be7 25.Kg2 Kg7 26.h4 Rxd3 27.Qxd3 Qxf2+ 28.Kh1 Rf3 29.Qe2
Qxg3 30.Qh2 Qg4 31.Rg1 Qxe4 32.Rg2 Bxh4 33.Rc1 Bd8 34.a5 Qe3 35.Qg1 Rh3+
36.Rh2 Qf3+ 37.Qg2 Rxh2+ {#R} 0-1

[Event "18th ch-EUR Indiv w 2017"]
[Site "Riga LAT"]
[Date "2017.04.19"]
[Round "8.24"]
[White "Unuk,Laura"]
[Black "Michna,Mart"]
[Result "1-0"]
[WhiteElo "2275"]
[BlackElo "2389"]

1.d4 e6 2.c4 b6 3.Nf3 Bb7 4.g3 f5 5.Bg2 Nf6 6.O-O g6 7.Nc3 Bg7 8.d5 Na6 9.Bf4
Nc5 10.Nb5 d6 11.dxe6 Nfe4 12.Ng5 a6 13.Nf7 Qe7 14.Bxe4 Nxe4 15.Nxc7+ Qxc7
16.f3 Qc5+ 17.e3 g5 18.fxe4 gxf4 19.Nxd6+ Kf8 20.Qh5 Qc7 21.Rxf4 Kg8 22.Rxf5
Bc6 23.Raf1 Qe7 24.Rf7 Qxe6 25.Nf5 Bf8 26.Qg5+ Qg6 27.Rg7+ {#r} 1-0

[Event "18th ch-EUR Indiv w 2017"]
[Site "Riga LAT"]
[Date "2017.04.19"]
[Round "8.26"]
[White "Zaksaite,S"]
[Black "Ovod,E"]
[Result "0-1"]
[WhiteElo "2262"]
[BlackElo "2382"]

1.e4 e6 2.d4 d5 3.Nc3 Nf6 4.e5 Nfd7 5.f4 c5 6.Nf3 Be7 7.Be2 Nc6 8.Be3 b6 9.O-O
O-O 10.Qe1 f5 11.exf6 Nxf6 12.Bb5 Nb4 13.Rf2 a6 14.Bd3 Ng4 15.Rd2 Nc6 16.Na4
Qc7 17.dxc5 bxc5 18.g3 e5 19.Nxe5 Ncxe5 20.fxe5 Nxe5 21.Be2 Qc6 22.Bf4 Bf6
23.Nc3 Bb7 24.Rxd5 Rae8 25.Qd2 Kh8 26.Rf1 Ng6 27.Bf3 Nxf4 28.gxf4 Bd4+ 29.Kh1
Qf6 30.Rg5 Qxg5 31.Bxb7 Bxc3 32.bxc3 Qf6 33.Bd5 g5 34.f5 Re5 35.Bg2 Rxf5
36.Rb1 Rf2 37.Qe3 Rxc2 38.Qxc5 Rxg2 {#R} 0-1

[Event "18th ch-EUR Indiv w 2017"]
[Site "Riga LAT"]
[Date "2017.04.19"]
[Round "8.27"]
[White "Charochkina,D"]
[Black "Isgandarova,K"]
[Result "1-0"]
[WhiteElo "2381"]
[BlackElo "2211"]

1.d4 Nf6 2.Bf4 g6 3.Nc3 d5 4.e3 Bg7 5.h4 c5 6.Nb5 Na6 7.c3 O-O 8.Be2 h5 9.Nf3
Ng4 10.a4 Bd7 11.O-O Qb6 12.a5 Qc6 13.c4 dxc4 14.Bxc4 cxd4 15.Rc1 dxe3 16.fxe3
e5 17.Bxf7+ Rxf7 18.Rxc6 Bxc6 19.Nd6 exf4 20.Qb3 Rf8 21.Nxf7 Nc5 22.Qc4 Nxe3
23.Qxc5 Nxf1 24.N7g5 Bxf3 25.gxf3 Ng3 26.Qc4+ Kh8 27.Qe6 Bf6 28.Qd6 Kg8
29.Qd5+ Kh8 30.Qxb7 Bxg5 31.hxg5 Rf5 32.Qb8+ Kg7 33.Qxa7+ Rf7 34.Qd4+ Kh7
35.Qc4 Re7 36.Qb4 Re3 37.a6 {#r} 1-0

[Event "18th ch-EUR Indiv w 2017"]
[Site "Riga LAT"]
[Date "2017.04.19"]
[Round "8.28"]
[White "Calzetta Ruiz,M"]
[Black "Papp,Petra"]
[Result "0-1"]
[WhiteElo "2257"]
[BlackElo "2378"]

1.e4 e5 2.Nf3 Nc6 3.Bb5 a6 4.Ba4 Nf6 5.d3 d6 6.c4 Bg4 7.h3 Bxf3 8.Qxf3 Nd7
9.Be3 g6 10.Nc3 Bg7 11.O-O Nf8 12.Qd1 Ne6 13.Qb3 O-O 14.Qxb7 Ncd4 15.Bxd4 exd4
16.Nd5 Nc5 17.Qc6 Nxd3 18.Qxc7 Nxb2 19.Qxd8 Rfxd8 20.Bb3 a5 21.Rab1 d3 22.Nb6
a4 23.Nxa8 axb3 24.Nb6 bxa2 25.Ra1 d2 26.Rxa2 d1=Q 27.Rxd1 Nxd1 28.Rd2 Nc3
29.f3 Bd4+ {#R} 0-1

[Event "18th ch-EUR Indiv w 2017"]
[Site "Riga LAT"]
[Date "2017.04.19"]
[Round "8.39"]
[White "Antova,Gabriela"]
[Black "Toma,K"]
[Result "0-1"]
[WhiteElo "2335"]
[BlackElo "2229"]

1.d4 Nf6 2.c4 g6 3.Nf3 Bg7 4.g3 O-O 5.Bg2 d6 6.O-O c6 7.Nc3 Nbd7 8.e4 e5 9.Rb1
a5 10.b3 Re8 11.d5 cxd5 12.cxd5 Nc5 13.Re1 Bd7 14.a3 Qc7 15.Bd2 Rec8 16.Qe2
Qb6 17.b4 axb4 18.axb4 Na4 19.Nxa4 Rxa4 20.Rec1 Rca8 21.Be3 Qb5 22.Qe1 Qa6
23.Rc7 Be8 24.Nd2 Ng4 25.Nc4 Bb5 26.Bf1 Bf6 27.Kg2 Bd8 {#R} 0-1

[Event "18th ch-EUR Indiv w 2017"]
[Site "Riga LAT"]
[Date "2017.04.19"]
[Round "8.40"]
[White "Gara,T"]
[Black "Gevorgyan,M"]
[Result "0-1"]
[WhiteElo "2325"]
[BlackElo "2227"]

1.c4 Nf6 2.Nf3 e6 3.g3 d5 4.Bg2 Be7 5.O-O O-O 6.d4 dxc4 7.Ne5 Nc6 8.Nxc6 bxc6
9.Na3 Bxa3 10.bxa3 a5 11.a4 Qe7 12.Qc2 Ba6 13.Bd2 Nd5 14.Bxa5 Bc8 15.Bd2 Qa3
16.e4 Ne7 17.a5 Ba6 18.Rfc1 Rad8 19.Rab1 c5 20.dxc5 Nc6 21.Be3 Nd4 22.Bxd4
Rxd4 23.Qb2 Qxc5 24.Qb4 Qa7 25.Rd1 e5 26.Qe7 c3 27.Rbc1 c2 28.Rxd4 Qxd4 29.Bf3
Qd2 30.Qa3 Rb8 31.Kg2 Rb1 32.Qe7 Qd6 33.Qg5 h6 34.Qe3 Qd3 35.Qe1 Qf1+ 36.Qxf1
Bxf1+ 37.Rxf1 Rxf1 {#R} 0-1

[Event "18th ch-EUR Indiv w 2017"]
[Site "Riga LAT"]
[Date "2017.04.19"]
[Round "8.41"]
[White "Komiagina,M"]
[Black "Khomeriki,N"]
[Result "0-1"]
[WhiteElo "2247"]
[BlackElo "2308"]

1.e4 e5 2.Nf3 Nc6 3.Bb5 a6 4.Ba4 Nf6 5.d3 d6 6.c3 Be7 7.O-O O-O 8.Re1 b5 9.Bc2
Re8 10.Nbd2 Bf8 11.d4 Bb7 12.d5 Nb8 13.c4 c6 14.b3 Nbd7 15.Bb2 Qb8 16.Rb1 Qa7
17.h3 Rac8 18.Nf1 Nc5 19.Ng3 a5 20.Qd2 Qb6 21.Bc3 Ra8 22.Nf5 Bc8 23.g4 Bxf5
24.exf5 b4 25.Bb2 cxd5 26.cxd5 e4 27.Ng5 Be7 28.Nxe4 Nfxe4 29.Bxe4 Bh4 30.Bc2
h6 31.Rxe8+ Rxe8 32.Re1 Bxf2+ 33.Qxf2 Rxe1+ 34.Kh2 Re8 35.Bd3 Qb7 36.Bc4 f6
37.Bd4 Nd7 38.Qg2 Ne5 39.Bf1 Qc7 40.Bb5 Rb8 41.Bf1 Qc1 42.Bxe5 fxe5 43.Bc4
Qf4+ 44.Qg3 Rc8 {#R} 0-1

[Event "18th ch-EUR Indiv w 2017"]
[Site "Riga LAT"]
[Date "2017.04.19"]
[Round "8.47"]
[White "Badelka,Olga"]
[Black "Utiatskaja,Irina"]
[Result "1-0"]
[WhiteElo "2362"]
[BlackElo "2152"]

1.c4 g6 2.Nc3 Bg7 3.g3 c5 4.Bg2 Nc6 5.d3 e6 6.e4 d6 7.Nge2 Nge7 8.O-O O-O
9.Rb1 b6 10.Be3 Nd4 11.e5 Nxe2+ 12.Qxe2 d5 13.Bg5 Bb7 14.f4 Re8 15.Nb5 Qd7
16.Nd6 Red8 17.Rbe1 Bf8 18.cxd5 Bxd5 19.Bxd5 Nxd5 20.Bxd8 Bxd6 21.Bh4 Bf8
22.a3 c4 23.dxc4 Bc5+ 24.Kh1 Ne3 25.Rf3 Qc6 26.b4 Bd4 27.h3 Nxc4 28.Kh2 b5
29.Rd3 Bb6 30.a4 a6 31.a5 Ba7 32.Red1 h6 33.Rd8+ Kh7 34.Rxa8 Qxa8 35.Rd8 {#r}
1-0